| 000 | 01059nam0a22002531 4500 | ||
|---|---|---|---|
| 001 | rc\352532 | ||
| 005 | 20250621042549.0 | ||
| 035 | _a(NLR Aleph) 005572378 | ||
| 090 |
_a6025495 _c6025495 |
||
| 100 | _a20030307d1989 |||y0rusy50 ca | ||
| 101 | 0 | _arus | |
| 102 | _aRU | ||
| 105 | _ay ||||||||| | ||
| 200 | 1 |
_aКритика буржуазных концепций социалистической демократии в современных условиях _e(Материал в помощь лектору) _fИ.К. Галко, д. филос. н., Е.Н. Космач., к. филос. н. _gПравл. о-ва "Знание" БССР |
|
| 210 |
_aМинск _cПравл. о-ва "Знание" БССР _d1989 |
||
| 215 |
_a25 с. _d20 |
||
| 320 | _aБиблиогр. в примеч.: с. 24-25 | ||
| 700 | 1 |
_aГалко _bИ.К. _gИван Кириллович |
|
| 701 | 1 |
_aКосмач _bЕ.Н. _gЕлена Николаевна |
|
| 801 | 0 |
_aRU _bNLR _gpsbo |
|
| 801 | 1 |
_aRU _bELAR _2rusmarc |
|
| 852 |
_aNLR _j89-4/20413 |
||
| 942 | _cBOOK | ||
| 980 | _aNB | ||